[Event "Doha Ramadan op"]
[Site "Doha"]
[Date "2024.03.19"]
[Round "6"]
[White "Sumith, KS."]
[Black "Singh, Abhyudit"]
[Result "1-0"]
[WhiteElo "1803"]
[BlackElo "1680"]
[PlyCount "53"]
[EventDate "2024.03.14"]
[EventType "swiss"]
[EventRounds "9"]
[EventCountry "QAT"]
[SourceTitle "CB15_2024"]
[SourceDate "2024.04.10"]
[SourceVersion "1"]
[SourceVersionDate "2024.04.10"]
[SourceQuality "1"]

1. b3 Nf6 2. Bb2 g6 3. c4 Bg7 4. Nf3 0-0 5. g3 c5 6. Bg2 Nc6 7. 0-0 d6 8. d3 a6 9. Nbd2 Qc7 10. Rc1 Rb8 11. Qc2 Bd7 12. Qb1 Rfe8 13. Qa1 e5 14. Rfe1 Nd4 15. e3 Nxf3+ 16. Nxf3 Re7 17. d4 Rbe8 18. b4 b6 19. a3 Bc6 20. d5 Bd7 21. Nd2 Qc8 22. f4 Nh5 23. Ne4 Qc7 24. Rcd1 f5 25. Ng5 exf4 26. Bxg7 Nxg7 27. exf4 1-0

[Event "Doha Ramadan op"]
[Site "Doha"]
[Date "2024.03.15"]
[Round "2"]
[White "Singh, Abhyudit"]
[Black "Abel, Sajan"]
[Result "0-1"]
[WhiteElo "1680"]
[BlackElo "1975"]
[PlyCount "66"]
[EventDate "2024.03.14"]
[EventType "swiss"]
[EventRounds "9"]
[EventCountry "QAT"]
[SourceTitle "CB15_2024"]
[SourceDate "2024.04.10"]
[SourceVersion "1"]
[SourceVersionDate "2024.04.10"]
[SourceQuality "1"]

1. e4 c5 2. c3 Nf6 3. e5 Nd5 4. Nf3 Nc6 5. d4 cxd4 6. cxd4 d6 7. Bc4 Nb6 8. Bb3 dxe5 9. dxe5 Qxd1+ 10. Kxd1 Bg4 11. Bf4 Nd4 12. Nbd2 0-0-0 13. Rc1+ Kb8 14. Ke1 Nxb3 15. Nxb3 e6 16. a3 Bxf3 17. gxf3 Rd5 18. Ke2 Rb5 19. Rhd1 Nd5 20. Bg3 Rxb3 21. Rxd5 Rxb2+ 22. Kf1 Bxa3 23. Rd7 Rc8 24. Rcd1 Rf8 25. Rc1 a5 26. Bf4 Rc8 27. Rcd1 Rc7 28. Rd8+ Ka7 29. Bd2 Rcc2 30. Be3+ Bc5 31. Bxc5+ Rxc5 32. R1d2 Rxd2 33. Rxd2 Rc7 0-1

[Event "Thailand Pattaya U16 op 2nd"]
[Site "Pattaya"]
[Date "2019.10.22"]
[Round "7"]
[White "Alriyami, Faris Rashid"]
[Black "Singh, Abhyudit"]
[Result "1-0"]
[WhiteElo "1595"]
[BlackElo "1321"]
[PlyCount "59"]
[EventDate "2019.10.19"]
[EventType "swiss"]
[EventRounds "9"]
[EventCountry "THA"]
[SourceTitle "CBM 193 Extra"]
[Source "ChessBase"]
[SourceDate "2020.01.31"]
[SourceVersion "1"]
[SourceVersionDate "2020.01.31"]
[SourceQuality "1"]

1. d4 Nf6 2. Bf4 g6 3. Nc3 d5 4. e3 Bg7 5. h4 0-0 6. h5 c6 7. hxg6 fxg6 8. Bd3 Re8 9. Qd2 Nbd7 10. Nf3 Qa5 11. 0-0-0 b5 12. Kb1 b4 13. Ne2 Qb6 14. Ne5 Nxe5 15. Bxe5 a5 16. f3 Ba6 17. Nc1 a4 18. g4 Bc4 19. Qh2 Bxd3 20. Nxd3 Kf7 21. g5 Nh5 22. Bxg7 Kxg7 23. Qe5+ Kg8 24. Qe6+ Kh8 25. Nf4 Nxf4 26. Rxh7+ Kxh7 27. Qf7+ Kh8 28. Rh1+ Nh5 29. Rxh5+ gxh5 30. g6 1-0

[Event "Thailand Pattaya U16 op 2nd"]
[Site "Pattaya"]
[Date "2019.10.22"]
[Round "8"]
[White "Singh, Abhyudit"]
[Black "Vogelsanger, Nicolas"]
[Result "1-0"]
[WhiteElo "1321"]
[BlackElo "1527"]
[PlyCount "49"]
[EventDate "2019.10.19"]
[EventType "swiss"]
[EventRounds "9"]
[EventCountry "THA"]
[SourceTitle "CBM 193 Extra"]
[Source "ChessBase"]
[SourceDate "2020.01.31"]
[SourceVersion "1"]
[SourceVersionDate "2020.01.31"]
[SourceQuality "1"]

1. e4 e5 2. Nf3 Nc6 3. d4 exd4 4. Nxd4 Bc5 5. Nxc6 Qf6 6. Qd2 Qxc6 7. Bd3 Nf6 8. 0-0 0-0 9. e5 Ne8 10. Qg5 d5 11. Qh4 h6 12. Nc3 Qe6 13. Re1 c6 14. h3 Nc7 15. Kh1 b6 16. f4 Ba6 17. f5 Qd7 18. f6 Bxd3 19. fxg7 Kxg7 20. Bxh6+ Kg8 21. cxd3 Qf5 22. Qg3+ Qg6 23. Qxg6+ fxg6 24. Bxf8 Rxf8 25. Rf1 1-0

[Event "Thailand Pattaya U16 op 2nd"]
[Site "Pattaya"]
[Date "2019.10.21"]
[Round "6"]
[White "Singh, Abhyudit"]
[Black "Dadoung, Chanthanipa"]
[Result "1-0"]
[WhiteElo "1321"]
[BlackElo "1410"]
[PlyCount "139"]
[EventDate "2019.10.19"]
[EventType "swiss"]
[EventRounds "9"]
[EventCountry "THA"]
[SourceTitle "CBM 193 Extra"]
[Source "ChessBase"]
[SourceDate "2020.01.31"]
[SourceVersion "1"]
[SourceVersionDate "2020.01.31"]
[SourceQuality "1"]

1. e4 e6 2. d4 d5 3. e5 c5 4. c3 Nc6 5. Nf3 Bd7 6. Be2 f6 7. 0-0 fxe5 8. Nxe5 Nxe5 9. dxe5 Qc7 10. f4 Ne7 11. Nd2 Nf5 12. Nf3 Be7 13. Bd3 0-0-0 14. a4 Rdg8 15. Bxf5 exf5 16. Qxd5 Bc6 17. Qc4 h6 18. Qe6+ Qd7 19. Qxd7+ Bxd7 20. Be3 Kb8 21. b3 g5 22. Nd2 gxf4 23. Bxf4 Bc6 24. Nf3 Rg7 25. g3 h5 26. e6+ Ka8 27. Ne5 Rgg8 28. Nxc6 bxc6 29. Rad1 Bf6 30. Rd3 Re8 31. Re1 Rh7 32. Rde3 Rb7 33. Rd1 Rbe7 34. Rde1 Rb7 35. Rd1 Rbe7 36. Rd6 Kb7 37. Rd7+ Rxd7 38. exd7 Rxe3 39. Bxe3 Kc7 40. Bxc5 Kxd7 41. Bxa7 Bxc3 42. Bc5 Ba5 43. Kf2 Ke6 44. b4 Bc7 45. Kf3 Kd5 46. Bf8 Kc4 47. Ke3 Be5 48. a5 Kb5 49. Bc5 Bc7 50. Be7 Be5 51. Kd3 f4 52. gxf4 Bxf4 53. h3 Bg3 54. Ke4 Be1 55. Kf5 Bf2 56. Kf4 Be1 57. Kg5 h4 58. Kg4 Ka6 59. Kh5 Kb5 60. Kg6 Bc3 61. Kf7 Be1 62. Ke6 Bf2 63. Kd7 Bg3 64. Kd8 Bf2 65. Kc7 Bg3+ 66. Kb7 Bf2 67. a6 Kc4 68. a7 Bxa7 69. Kxa7 Kb5 70. Kb7 1-0